000
00408nam a22001577a 4500
003
MPLRDC
005
20220104123413.0
008
210129b ||||| |||| 00| 0 eng d
082
_a
447.116 SHL
100
_a
沈惠麟编译
245
_a
汽车电花点火原理及装置
_c
260
_a
_b
大光出版社有限公司
_c
1981
300
_b
平
650
_a
汽车; 电动车
942
_c
BK
_o
447.116 SHL
999
_c
11163
_d
11153